Carregando...
Samaj aur mahilayen
| Autor principal: | |
|---|---|
| Formato: | Printed Book |
| Publicado em: |
Isatna
Piyush prakashan
1999
|
| LEADER | 00354nam a22001097a 4500 | ||
|---|---|---|---|
| 082 | |a 891.434 |b KAN | ||
| 100 | |a Kanti Gupta | ||
| 245 | |a Samaj aur mahilayen | ||
| 260 | |a Isatna |b Piyush prakashan |c 1999 | ||
| 942 | |c BK | ||
| 999 | |c 17117 |d 17117 | ||
| 952 | |0 0 |1 0 |4 0 |6 891_434000000000000_KAN |7 0 |9 19483 |a CAMPUS |b CAMPUS |d 2017-09-07 |l 0 |o 891.434 KAN |p Co.0488 |r 2017-09-07 |w 2017-09-07 |y BK | ||